| 000 | 01835nam0a2200409 i 4500 | ||
|---|---|---|---|
| 001 | RU\NLR\BIBL_A\011204849 | ||
| 005 | 20241103064401.0 | ||
| 010 |
_a9785892826815 _9500 |
||
| 021 |
_aRU _b2016-64104 _94092 |
||
| 035 | _a(NILC)RuMoRGB-008580621 | ||
| 035 | _a(NLR Aleph) 011204849 | ||
| 090 |
_a11944125 _c11944125 |
||
| 100 | _a20160906d2016 km y0rusy50 ca | ||
| 101 | 0 | _arus | |
| 102 | _aRU | ||
| 105 | _aa|||z|||000yy | ||
| 200 | 1 |
_aВизуальный фольклор _eпоэтика скифского звериного стиля _fД. С. Раевский, С. В. Кулланда, М. Н. Погребова _gРос. акад. наук, Ин-т востоковедения |
|
| 205 | _a[Изд. 2-е, испр.] | ||
| 210 |
_aМосква _cИВ РАН _d2016 |
||
| 215 |
_a190, [1] с., [6] л. ил. _cтабл. _d25 |
||
| 320 | _aБиблиогр. в конце кн. и в подстроч. примеч. | ||
| 517 | 1 | _aПоэтика скифского звериного стиля | |
| 606 |
_aИндоиранские языки _9997683 _3RU\NLR\auth\6660087 |
||
| 606 |
_aИндоиранский фольклор _92160502 _3RU\NLR\AUTH\661604929 |
||
| 606 | 1 |
_aСкифская культура _91685363 _3RU\NLR\AUTH\661047299 |
|
| 675 | _a821.21/22 | ||
| 686 | 1 | _aШ3(0)952-694 | |
| 686 | 1 | _aШ152 | |
| 686 | 1 | _aТ4(2)273.112 | |
| 700 | 1 |
_7ca _8rus _aРаевский _bД. С. _cд-р ист. наук _f1941-2004 _gДмитрий Сергеевич _9212684 _3RU\NLR\AUTH\770212740 |
|
| 701 | 1 |
_aКулланда _bС. В. _gСергей Всеволодович |
|
| 701 | 1 |
_aПогребова _bМ.Н. _f1931- _gМария Николаевна |
|
| 801 | 0 |
_aRU _bРГБ _c20160816 _gRCR |
|
| 942 | _cBOOK | ||
| 980 | _aNBR | ||